[Event "Assisi op"]
[Site "Assisi"]
[Date "2003.12.23"]
[Round "6"]
[White "Pizzuto, Samuele Tullio"]
[Black "Machi, Fabio"]
[Result "1-0"]
[WhiteElo "2120"]
[BlackElo "1951"]
[PlyCount "87"]
[EventDate "2003.12.20"]
[EventType "swiss"]
[EventRounds "6"]
[EventCountry "ITA"]
[SourceTitle "EXT 2005"]
[Source "ChessBase"]
[SourceDate "2004.11.15"]
[SourceVersion "1"]
[SourceVersionDate "2004.11.15"]
[SourceQuality "1"]

1. e4 c6 2. d4 d5 3. exd5 cxd5 4. c4 Nc6 5. Be3 Nf6 6. Nc3 e6 7. a3 Be7 8. Nf3 0-0 9. Bd3 h6 10. 0-0 b6 11. b4 dxc4 12. Bxc4 Bb7 13. Qd3 Rc8 14. Rac1 Qc7 15. Ba2 Qb8 16. Bb1 Rfd8 17. Rfd1 Bf8 18. Ne4 Be7 19. Ng3 Rd5 20. Ba2 Rd7 21. b5 Nd8 22. Rxc8 Bxc8 23. Ne5 Rc7 24. Bf4 Bd6 25. Bb1 g5 26. Be3 Bxe5 27. dxe5 Rd7 28. Qc2 Qxe5 29. Rc1 Bb7 30. a4 Qd5 31. f3 Qe5 32. Re1 Rc7 33. Qd3 Rd7 34. Qc2 Qc7 35. Qf2 Bd5 36. Bd4 Ne8 37. Qe3 f6 38. Qd3 f5 39. Qe3 f4 40. Qd3 Ng7 41. Qh7+ Kf8 42. Qh8+ Ke7 43. Qxg7+ Kd6 44. Nf5+ 1-0